Daňové stimuly

Salvato in:
Dettagli Bibliografici
Autore principale: Feranecová, Adela, 1986-
Altri autori: Novotný, Marcel, 1979-
Natura: Capitolo di libro
Lingua:slovacco
Soggetti:
Tags: Aggiungi Tag
Nessun Tag, puoi essere il primo ad aggiungerne!!

MARC

LEADER 00000naa$a2200000$$$4500
001 0281264
005 20240502074355.5
041 0 |a slo 
044 |a SK 
245 1 0 |a Daňové stimuly  |c Adela Feranecová, Marcel Novotný 
500 |a abstrakt 
610 2 0 |a stimuly 
610 2 0 |a dane 
610 2 0 |a systémy daňové 
100 1 |a Feranecová, Adela, 1986- 
700 1 |a Novotný, Marcel, 1979-